000 00715nam a22001697a 4500
005 20260330101919.0
008 260330b |||||||| |||| 00| 0 eng d
100 _aBarette, Aila Marie S.
_970370
245 _aThe insurgent' view: the life anf experiences of npa surrenderees in davao del sur /
_cAila Marie S. Barette, Joshua S. Preglo, and Ryan James R. Tuco.
260 _aDigos City :
_bUMDC,
_c©2021.
300 _avi, 114 Pages :
_b illustration (some colors) :
_c30 Cm.
500 _aIncludes references and appendices.
650 0 _aArts And Science
_xUndergraduate thesis.
_970371
700 _aPreglo, Joshua S.
_eResearcher.
_970372
700 _aTuco, Ryan James R.
_eResearcher.
_970373
942 _2ddc
_cUT
999 _c24548
_d24548